Housing law handbook (Record no. 115452)

MARC details
000 -LEADER
fixed length control field 01255cam a22003015a 4500
001 - CONTROL NUMBER
control field L158683
008 - FIXED-LENGTH DATA ELEMENTS--GENERAL INFORMATION
fixed length control field 150617s2015 xxk f 000 0 eng d
020 ## - INTERNATIONAL STANDARD BOOK NUMBER
International Standard Book Number 9781908407566
035 ## - SYSTEM CONTROL NUMBER
System control number (Sirsi) u158683
041 0# - LANGUAGE CODE
Language code of text/sound track or separate title eng
050 04 - LIBRARY OF CONGRESS CALL NUMBER
Classification number 306.026
100 1# - MAIN ENTRY--PERSONAL NAME
Personal name Astin, Diane
245 00 - TITLE STATEMENT
Title Housing law handbook
250 ## - EDITION STATEMENT
Edition statement 3rd ed
260 ## - PUBLICATION, DISTRIBUTION, ETC.
Place of publication, distribution, etc. London
Name of publisher, distributor, etc. LAG
Date of publication, distribution, etc. 2015
300 ## - PHYSICAL DESCRIPTION
Extent lxix, 966p ; 21 cm
520 ## - SUMMARY, ETC.
Summary, etc. Provides a general overview of and introduction to UK housing law. Covers occupiers' rights including security of tenure, different categories of residential tenancies including assured and shorthold tenancies created by the Housing Act 1988 and protected and statutory tenancies created by Rent Act 1977, leaseholders' rights including service charges and enfranchisement, disrepair and housing conditions, possession proceedings and unlawful eviction and harassment as well as housing improvements and adaptations.
590 ## - LOCAL NOTE (RLIN)
Local note KA
650 24 - SUBJECT ADDED ENTRY--TOPICAL TERM
Topical term or geographic name entry element HOUSING ACT 1988
650 24 - SUBJECT ADDED ENTRY--TOPICAL TERM
Topical term or geographic name entry element RENT ACT 1977
650 24 - SUBJECT ADDED ENTRY--TOPICAL TERM
Topical term or geographic name entry element SECURITY OF TENURE
650 24 - SUBJECT ADDED ENTRY--TOPICAL TERM
Topical term or geographic name entry element SERVICE CHARGES
650 24 - SUBJECT ADDED ENTRY--TOPICAL TERM
Topical term or geographic name entry element LEASEHOLD ENFRANCHISEMENT
651 #4 - SUBJECT ADDED ENTRY--GEOGRAPHIC NAME
Geographic name United Kingdom
Chronological subdivision
690 ## - LOCAL SUBJECT ADDED ENTRY--TOPICAL TERM (OCLC, RLIN)
Topical term or geographic name as entry element Residential property
9 (RLIN) 6266
690 ## - LOCAL SUBJECT ADDED ENTRY--TOPICAL TERM (OCLC, RLIN)
Topical term or geographic name as entry element Landlord and tenant
9 (RLIN) 6252
942 ## - ADDED ENTRY ELEMENTS (KOHA)
Suppress in OPAC 0
Holdings
Withdrawn status Lost status Source of classification or shelving scheme Damaged status Not for loan Home library Current library Shelving location Date acquired Total Checkouts Full call number Barcode Date last seen Copy number Price effective from Koha item type
    Dewey Decimal Classification     London London Books 17/06/2015   306.026 AST 30078972 06/08/2019 1 06/08/2019 Book